| 000 | 00537nam a22001817a 4500 | ||
|---|---|---|---|
| 005 | 20251108173112.0 | ||
| 008 | 250721s2005 xx 000 0 ara d | ||
| 082 | 1 | 4 | _a343.097/فضل |
| 100 | 1 | _aفضلى، هشام | |
| 245 | 1 | 0 | _aمسؤولية الناقل الجوي / |
| 264 | 1 |
_aالاسكندرية : _bدار الجامعة الجديدة، _c2005. |
|
| 300 | _a159ص | ||
| 650 | 1 | 7 | _aقانون الجو |
| 650 | 1 | 7 | _aالنقل الجوي |
| 650 | 1 | 7 | _aالقانون التجاري |
| 942 |
_2ddc _cBK |
||
| 999 |
_c96102 _d96102 |
||